15 gương phụ nữ Những bài học thành công
Wedi'i Gadw mewn:
| Prif Awdur: | |
|---|---|
| Fformat: | Llyfr |
| Iaith: | Vietnamese |
| Cyhoeddwyd: |
Hà Nội
Hồng Đức
2018
|
| Pynciau: | |
| Tagiau: |
Ychwanegu Tag
Dim Tagiau, Byddwch y cyntaf i dagio'r cofnod hwn!
|
| Thư viện lưu trữ: | Trung tâm Học liệu Lê Vũ Hùng, Trường Đại học Đồng Tháp |
|---|
| LEADER | 00795nam a22002538a 4500 | ||
|---|---|---|---|
| 001 | 00042830 | ||
| 005 | 20181108101115.0 | ||
| 008 | 171101s2017####-vm#################vie|d | ||
| 020 | # | # | |c 99000 |a 978 604 89 4674 6 |
| 041 | 0 | # | |a vie |
| 082 | # | # | |a 920.72 |b M558L |
| 100 | 1 | # | |a Nguyễn, Hiến Lê |
| 245 | 1 | 0 | |a 15 gương phụ nữ |c Nguyễn Hiến Lê |b Những bài học thành công |
| 260 | # | # | |a Hà Nội |b Hồng Đức |c 2018 |
| 300 | # | # | |a 219 tr. |c 21 cm. |
| 653 | # | # | |a Lịch sử |
| 653 | # | # | |a Nổi tiếng |
| 653 | # | # | |a Phụ nữ |
| 653 | # | # | |a Thành công |
| 653 | # | # | |a tiểu sử |
| 852 | # | # | |j KD.0023005 |j KM.0024260 |
| 910 | |d 22/10/2018 | ||
| 980 | # | # | |a Trung tâm Học liệu Lê Vũ Hùng, Trường Đại học Đồng Tháp |